Μακροοικονομική θεωρία και κριτικές θέσεις : θεωρία γενικής ισορροπίας
Αποθηκεύτηκε σε:
| Κύριος συγγραφέας: | |
|---|---|
| Μορφή: | Βιβλίο |
| Γλώσσα: | Greek |
| Δημοσίευση: |
Αθήνα :
Παπαζήσης,
1986
|
| Θέματα: | |
| Ετικέτες: |
Προσθήκη ετικέτας
Δεν υπάρχουν, Καταχωρήστε ετικέτα πρώτοι!
|
MARC
| LEADER | 00000nam a2200000 i 4500 | ||
|---|---|---|---|
| 001 | 1/44363 | ||
| 008 | 960503s1986 gre d | ||
| 035 | |l 10025954 | ||
| 040 | |a GR-MY-UA |b gre |e aacr | ||
| 041 | 0 | |a gre | |
| 082 | 0 | |a 339.5 | |
| 100 | 1 | |a Simpson, David. | |
| 245 | 1 | 0 | |a Μακροοικονομική θεωρία και κριτικές θέσεις : |b θεωρία γενικής ισορροπίας / |c David Simpson |
| 260 | |a Αθήνα : |b Παπαζήσης, |c 1986 | ||
| 300 | |a Τ | ||
| 600 | 1 | 0 | |a Keynes John Maynard |d 1883-1946. |
| 650 | 0 | 0 | |a Macroeconomics. |
| 650 | 0 | 0 | |a Economic stabilization. |
| 852 | |a INST |b CHIOS |e 19960503 |h 339.5 SIM |p 005200005212 |q 005200005212 |t BK |y 0 |z τ.2 | ||
| 852 | |a INST |b CHIOS |e 19960503 |h 339.5 SIM |p 005200005212 |q 005200005212 |t BK |v τ.2: |y 0 |z τ.2 | ||
| 853 | |a INST |b CHIOS |h 339.5 SIM | ||
| 909 | |a Χ |b 003679 | ||